World trade organisation and the developing countries / (Record no. 123575)

MARC details
000 -LEADER
fixed length control field 00969nam a22002537a 4500
005 - DATE AND TIME OF LATEST TRANSACTION
control field 20190923163033.0
010 ## - LCCN (DPL NO)
LC control number B-059016
020 ## - INTERNATIONAL STANDARD BOOK NUMBER
International Standard Book Number 8171415857
Terms of availability 450.00
035 ## - SYSTEM CONTROL NUMBER
System control number B-059016
037 ## - SOURCE OF ACQUISITION
Source of stock number/acquisition Cen Lib/Ret
082 ## - DEWEY DECIMAL CLASSIFICATION NUMBER
Classification number 382.9
100 ## - MAIN ENTRY--PERSONAL NAME
Personal name Narasaiah, M.Lakshmi
245 ## - TITLE STATEMENT
Title World trade organisation and the developing countries /
Statement of responsibility, etc by M.Lakshmi Narasaiah
260 ## - PUBLICATION, DISTRIBUTION, ETC. (IMPRINT)
Place of publication, distribution, etc New Delhi
Name of publisher, distributor, etc Discovery publishing house
Date of publication, distribution, etc 2001
270 ## - ADDRESS
Address 4831/24,Ansari road Prahlad street Darya Ganj
City New Delhi
Postal code 110002
300 ## - PHYSICAL DESCRIPTION
Extent 225p.
Dimensions 21cm(Hb)
500 ## - GENERAL NOTE
General note Includes index
650 ## - SUBJECT ADDED ENTRY--TOPICAL TERM
Topical term or geographic name as entry element Foreign trade-WTO
650 ## - SUBJECT ADDED ENTRY--TOPICAL TERM
Topical term or geographic name as entry element Developing countries-WTO-global competition
650 ## - SUBJECT ADDED ENTRY--TOPICAL TERM
Topical term or geographic name as entry element विदेश व्यापार-विश्व व्यापार संगठन
650 ## - SUBJECT ADDED ENTRY--TOPICAL TERM
Topical term or geographic name as entry element विकासशील देशों को विश्व व्यापार संगठन
942 ## - ADDED ENTRY ELEMENTS (KOHA)
Source of classification or shelving scheme Dewey Decimal Classification
Item type English Books
Classification part 382.9
Call number suffix NAR
Holdings
Withdrawn status Lost status Not for loan Home library Current library Date acquired Source of acquisition Cost, normal purchase price Full call number Barcode Copy number Cost, replacement price Koha item type
      Central Library Central Library 09/06/2015 Cen Lib/Ret 450.00 382.9 NAR B-059016 1 450.00 English Books

© Delhi Public Library
Hit Counter
free hit counter